000 00517ntaaa2200193 4500
003 01
005 20251027202412.0
008 0714s1973 ag 01
040 _aAR-BaBN
_bspa
_cAR-BaBN
_eaacr
_dRIC
082 _a286.0900 B69
100 _aBoyd, Jesse L
_922771
245 _aA history of baptists in America prior to 1845
250 _a1 ed.
260 _aNew York :
_bAmerican Press,
_cc1957
300 _a205 p
650 _abautistas en Norteamérica
650 _aNorteamérica-Bautistas
_922773
942 _cBK
999 _c18927
_d18927